000 00851njm a2200277Ia 4500
001 25525
003 IT-RoPAU
005 20220918181117.0
008 131025s9999 xx 000 0 und d
040 _aIT-RoPAU
040 _cIT-RoPAU
041 _aITALIANO
999 _c99511
_d99511
999 _bNO
100 _aAA.VV.
_9794
100 _eAutore musica
_911797
100 _gCodice autore musica SPICS: 12000
_9796
245 _aSpeakeraggio programma televisivo 1984
250 _a1a ed.
260 _aROMA
260 _bSPICS RECORDS
_c1984 [1a Ed.:1984 - Ed. Lingua Orig.: 1984]
300 _aMUSICASSETTA
500 _aEsercitazione radiofonica degli studenti Spics. Speakeraggio.
505 _aSpeakeraggio su don Alberione: vita e opere di don Alberione
650 _a [ELABORATI STUDENTI SPICS]
_eCodice MATERIA SPICS: 9905
_910262
942 _cMC
_2ddc